Statistics for random country with facts aiden

Click here to take the quiz!

General Stats

  • This quiz has been taken 12 times
  • The average score is 11 of 15

Answer Stats

HintAnswer% Correct
is currently invading a countryRussia
100%
borders switzerland, italy, and the north seaFrance
91%
has the largest economy in the worldUnited States
91%
one of the 3 global superpowers and where all smart kids seem to come fromChina
82%
smallest country in scandinaviaDenmark
82%
is home to the capital of the ancient roman empireItaly
82%
90.4 percent of the population is black, yet has almost until recently been completely ruled by whitesSouth Africa
82%
Supplies over half of wheat exported to the middle-eastUkraine
82%
is a holy cityVatican City
82%
has a holy city as it's capitalIsrael
73%
was under viking rule from years 800 to 1066Norway
73%
is a central hub for spice tradeIndia
64%
the closest central asian country to europeKazakhstan
64%
has the same name as one of the hottest men in historyChad
55%
has a popular animated film named after itMadagascar
36%

Score Distribution

Percentile by Number Answered

Percent of People with Each Score

Your Score History

You have not taken this quiz